Atit Ke Chalchitra - अतीत के चलचित्र (Record no. 329)

MARC details
000 -LEADER
fixed length control field 01419nam a22003377a 4500
001 - CONTROL NUMBER
control field 36333
003 - CONTROL NUMBER IDENTIFIER
control field Ost
005 - DATE AND TIME OF LATEST TRANSACTION
control field 20260507154556.0
008 - FIXED-LENGTH DATA ELEMENTS--GENERAL INFORMATION
fixed length control field 251113s9999||||xx |||||||||||||| ||eng||
020 ## - INTERNATIONAL STANDARD BOOK NUMBER
International Standard Book Number 9788180313042
040 ## - CATALOGING SOURCE
Transcribing agency nitttr
082 ## - DEWEY DECIMAL CLASSIFICATION NUMBER
Classification number 891
Item number ATI-V
100 ## - MAIN ENTRY--PERSONAL NAME
Personal name Mahadevi Verma - महादेवी वर्मा
245 #0 - TITLE STATEMENT
Title Atit Ke Chalchitra - अतीत के चलचित्र
250 ## - EDITION STATEMENT
Edition statement 1st Ed.
260 ## - PUBLICATION, DISTRIBUTION, ETC.
Place of publication, distribution, etc. New Delhi, India
Name of publisher, distributor, etc. Lokbharti Prakashan
Date of publication, distribution, etc. 2008
300 ## - PHYSICAL DESCRIPTION
Extent 99 p.
650 ## - SUBJECT ADDED ENTRY--TOPICAL TERM
Topical term or geographic name entry element आत्मकथात्मक लेखन
650 ## - SUBJECT ADDED ENTRY--TOPICAL TERM
Topical term or geographic name entry element करुणा और सहानुभूति
650 ## - SUBJECT ADDED ENTRY--TOPICAL TERM
Topical term or geographic name entry element जीवन के छोटे प्रसंगों का चित्रण
650 ## - SUBJECT ADDED ENTRY--TOPICAL TERM
Topical term or geographic name entry element प्रकृति और जीवन के अनुभव
650 ## - SUBJECT ADDED ENTRY--TOPICAL TERM
Topical term or geographic name entry element बचपन और अतीत
650 ## - SUBJECT ADDED ENTRY--TOPICAL TERM
Topical term or geographic name entry element भावनात्मक गहराई
650 ## - SUBJECT ADDED ENTRY--TOPICAL TERM
Topical term or geographic name entry element मानवीय संवेदनाएँ
650 ## - SUBJECT ADDED ENTRY--TOPICAL TERM
Topical term or geographic name entry element संवेदनशीलता और मानवता
650 ## - SUBJECT ADDED ENTRY--TOPICAL TERM
Topical term or geographic name entry element सामाजिक जीवन का चित्रण
650 ## - SUBJECT ADDED ENTRY--TOPICAL TERM
Topical term or geographic name entry element साहित्यिक सरलता और सौंदर्य
650 ## - SUBJECT ADDED ENTRY--TOPICAL TERM
Topical term or geographic name entry element स्त्री अनुभव और दृष्टि
650 ## - SUBJECT ADDED ENTRY--TOPICAL TERM
Topical term or geographic name entry element स्मृतियाँ और संस्मरण
942 ## - ADDED ENTRY ELEMENTS (KOHA)
Koha item type Books
Holdings
Withdrawn status Lost status Damaged status Not for loan Home library Current library Date acquired Total checkouts Full call number Barcode Date last seen Price effective from Koha item type
        National Institute of Technical Teachers Training & Research National Institute of Technical Teachers Training & Research 05/07/2026   891. ATI-V 50252 05/07/2026 05/07/2026 Books